000 00280nam a2200121Ia 4500
005 20251222140107.0
008 251222s1900||||xx |||||||||||||| ||spa||
082 _a922.22/P27
245 0 _aSan Pablo de la Cruz:
250 _a1ra. ed.
264 _bVicariato Regional
942 _cLIB
999 _c4163
_d4163